00366pab a2200133 454500008004000000100003400040245005500074260000900129300001300138362000800151650003300159650001100192773002900203180718b2008 xxu||||| |||| 00| 0 eng d aAdichilamakel, Rosamma George aStatus of pardhi tribe in the state of Maharashtra c2008 ap.21-41. aSep aTribes - India - Maharashtra aTribes aTribal Research Bulletin